000 00494nam a22001937a 4500
003 MPLRDC
005 20220104185926.0
008 210129b ||||| |||| 00| 0 eng d
020 _a986-216-482-2
082 _a548.1 NOV
100 _aJACQUELINE NOVOGRATZ
245 _a蓝毛衣
_c姜雪影译
250 _a一版一刷
260 _a台湾
_b天下远见出版股份有限公司
_c2010
300 _b
490 _a社会人文. 293
650 _a贫穷
942 _cBK
_o548.1 NOV
999 _c63549
_d63539